Sports Quiz

Random Sports or WWE Quiz

WWE European Champions Quiz Stats

 Plays Quiz not verified by Sporcle

Also try: NFL Leaders (2013)
Challenge
Share
Tweet
Embed
Score 0/37 Timer 11:00
0 Plays Today
Days Held Wrestler % Correct
82Shawn Michaels
94.8%
40Triple H
93.8%
120Triple H
93.8%
206British Bulldog
90.7%
47British Bulldog
90.7%
47William Regal
87.6%
49William Regal
87.6%
20William Regal
87.6%
63William Regal
87.6%
63D'Lo Brown
86.6%
19D'Lo Brown
86.6%
28D'Lo Brown
86.6%
30D'Lo Brown
86.6%
55Owen Hart
85.6%
1Chris Jericho
84.5%
14Jeff Hardy
83.5%
14X-Pac
82.5%
120X-Pac
82.5%
91Christian
82.5%
Days Held Wrestler % Correct
34Mark Henry
81.4%
125Matt Hardy
81.4%
54Kurt Angle
80.4%
111Eddie Guerrero
79.4%
23Eddie Guerrero
79.4%
43Shane McMahon
76.3%
58Val Venis
73.2%
69Test
73.2%
1Jeff Jarrett
72.2%
0Rob Van Dam
72.2%
37Perry Saturn
71.1%
48Al Snow
69.1%
8Bradshaw
68%
28Spike Dudley
68%
49DDP
62.9%
34Mideon
61.9%
2Crash Holly
59.8%
56The Hurricane
50.5%

You're not logged in!

Compare scores with friends on all Sporcle quizzes.
Join for Free
OR
Log In

You Might Also Like...

Show Comments

Extras

Top Quizzes Today


Score Distribution

Your Account Isn't Verified!

In order to create a playlist on Sporcle, you need to verify the email address you used during registration. Go to your Sporcle Settings to finish the process.

Report this User

Report this user for behavior that violates our Community Guidelines.

Details: